00258nam a2200109Ia 4500008004100000100002500041245002100066260002500087650001200112942000700124999001700131190216s9999||||xx |||||||||||||| ||und|| aBhabani Bhattacharya 0aMusic For Mohini bAn Orient Paper Back aEnglish cBK c12840d12840